| 000 | 01590nam0a22003131 4500 | ||
|---|---|---|---|
| 001 | rc\4664872 | ||
| 005 | 20200127103541.0 | ||
| 021 |
_aRU _bРг5944-63 |
||
| 035 | _a(NLR Aleph) 008418374 | ||
| 090 |
_a9340914 _c9340914 |
||
| 100 | _a20130416d1963 |||y0rusy50 ca | ||
| 101 | 0 | _arus | |
| 102 | _aRU | ||
| 105 | _aa z ||||| | ||
| 200 | 1 |
_aОптимизация и инвариантность в системах автоматического регулирования с жесткой и переменной структурой _eДоклад, представленный на Второй Международный конгресс ИФАК. г. Базель, Швейцария. (27 августа - 4 сентября 1963 г.) _fМеждунар. федерация по автомат. упр. (ИФАК). Нац. ком. Советского Союза по автомат. упр. |
|
| 210 |
_aМосква _cБ. и. _d1963 |
||
| 215 |
_a35 с. _cил. _d22 |
||
| 225 | 1 | _v[66] | |
| 300 | _aПеред загл. авт.: Б.Н. Петров, Г.М. Уланов, С.В. Емельянов | ||
| 320 | _aБиблиогр.: с. 26-27 | ||
| 700 | 1 |
_aПетров _bБ. Н. _f1913- _gБорис Николаевич |
|
| 701 | 1 |
_aУланов _bГ. М. _gГеоргий Михайлович |
|
| 701 | 1 |
_aЕмельянов _bС. В. _cд-р техн. наук _f1929-2018 _gСтанислав Васильевич _3RU\NLR\AUTH\7748243 |
|
| 801 | 0 |
_aRU _bNLR _gpsbo |
|
| 801 | 1 |
_aRU _bELAR _2rusmarc |
|
| 852 |
_aNLR _j63-6/9480 |
||
| 942 | _cBOOK | ||
| 980 | _aNB | ||